Disertación sobre el alkali volátil (Record no. 41926)

MARC details
000 -LEADER
campo de control de longitud fija 00712nam a2200181 i 4500
001 - NÚMERO DE CONTROL
campo de control 41926
003 - IDENTIFICADOR DE NÚMERO DE CONTROL
campo de control ES-MaACL
005 - FECHA Y HORA DE LA ÚLTIMA TRANSACCIÓN
campo de control 20230906160522.0
007 - CAMPO FIJO DE DESCRIPCIÓN FÍSICA--INFORMACIÓN GENERAL
campo de control de longitud fija t|
008 - DATOS DE LONGITUD FIJA--INFORMACIÓN GENERAL
campo de control de longitud fija 030312q1790 sp |||| | spa d
100 1# - ENTRADA PRINCIPAL--NOMBRE DE PERSONA
Nombre de persona Carbonell y Bravo, Francisco.
9 (RLIN) 35069
245 10 - MENCIÓN DEL TÍTULO
Título Disertación sobre el alkali volátil
Resto del título : leída en las oposiciones públicas para las plazas vacantes de la Real Botica /
Mención de responsabilidad, etc. por Francisco Carbonell y Bravo...
260 ## - PUBLICACIÓN, DISTRIBUCIÓN, ETC.
Lugar de publicación, distribución, etc. En Barcelona :
Nombre del editor, distribuidor, etc. por Francisco Suriá y Burgada ...,
Fecha de publicación, distribución, etc. [1790]
300 ## - DESCRIPCIÓN FÍSICA
Extensión [4] h., 30 p. ;
Dimensiones 20 cm.
500 ## - NOTA GENERAL
Nota general Preliminares fechados en 1790.
650 14 - PUNTO DE ACCESO ADICIONAL DE MATERIA--TÉRMINO DE MATERIA
Término de materia o nombre geográfico como elemento de entrada Álcalis-
Subdivisión de forma Obras anteriores a 1800.
9 (RLIN) 9711
852 ## - LOCALIZACIÓN
Ubicación ES-MaACL
Número de control de estantería R-3431(4)
Nota libre . - Ex libris de Mateo Seoane
Holdings
Estatus retirado Estado de pérdida Estado de daño No para préstamo Colección Biblioteca de origen Biblioteca actual Ubicación en estantería Fecha de adquisición Fuente de adquisición Total de préstamos Signatura topográfica completa Código de barras Visto por última vez Precio de reemplazo Tipo de ítem Koha
        Libros del s. XVIII Biblioteca del Ateneo de Madrid Biblioteca del Ateneo de Madrid Depósito 17/01/2008     R-3431(4) 1044133 23/02/2023 23/02/2023 Libro impreso antiguo